Confrontación : De ideas para una nueva sociedad
Saved in:
| Corporate Author: | |
|---|---|
| Format: | Journal |
| Language: | Spanish |
| Published: |
Buenos Aires :
Confrontación,
|
| Subjects: |
| LEADER | 00607cas#a2200217#a#4500 | ||
|---|---|---|---|
| 001 | 015644 | ||
| 005 | 20160923115126.0 | ||
| 008 | 000511c1986####ag####p#############spa#d | ||
| 040 | |a AR-beUNQ | ||
| 099 | |a P-AR-CON6 [En Depósito C7] | ||
| 110 | 2 | |a Julián Lemoine | |
| 245 | 0 | 0 | |a Confrontación : De ideas para una nueva sociedad |c Julián Lemoine. |
| 260 | |a Buenos Aires : |b Confrontación, | ||
| 300 | |a v. | ||
| 310 | |a trimestral | ||
| 650 | 7 | |a SISTEMAS POLITICOS |2 Spines | |
| 650 | 7 | |a Política |2 Spines | |
| 650 | 7 | |a Economía |2 Spines | |
| 866 | 0 | |a 1986 1(1); 1987 1(4) | |
| 929 | |j 23515 | ||
| 999 | |c 26296 |d 109102 | ||